|
|
|
|
| LEADER |
00780cam a2200217 7i4500 |
| 001 |
0000008675 |
| 005 |
20230713090000.0 |
| 020 |
|
|
|a 9780534574475 (hbk.)
|
| 020 |
|
|
|a 0534574475 (pbk.)
|
| 090 |
0 |
0 |
|a LB1051
|b .L44 2000
|
| 100 |
1 |
|
|a Lefrancois, Guy R
|
| 245 |
1 |
0 |
|a Psychology for teaching
|c Guy R. Lefrancois.
|
| 260 |
|
|
|a Australia:
|b Wadsworth/Thomson Learning,
|c 2000.
|
| 300 |
|
|
|a ix, 613 p.:
|b ill. (col.);
|c 26 cm.
|
| 504 |
|
|
|a Includes bibliographical references and index
|
| 650 |
0 |
0 |
|a Teaching --
|x Psychological aspects
|
| 650 |
0 |
0 |
|a Learning, Psychology of
|
| 650 |
0 |
0 |
|a Educational psychology
|
| 997 |
|
|
|a Education & Social Sciences, Faculty
|b Language Education, Department
|
| 998 |
|
|
|a TESL, Diploma
|
| 999 |
|
|
|a 0000002458
|b BOK
|c OPEN SHELF
|e 1st Floor, Bestari Jaya
|